000 00573 a2200205 4500
001 60995
005 20260407155900.0
008 260407a1976 arg spa d
003 AR-UNSa-BCEJYS
040 _aAR-UNSa-BCEJYS
_bspa
_cAR-UNSa-BCEJYS
080 _a342.9
_xDerecho Administrativo
245 1 0 _aManual de derecho administrativo
250 _a2a. ed.
264 1 _aBuenos Aires :
_bAbeledo Perrot
_c1976
300 _a2 v. (900 ; 763 p.)
_c23 cm.
041 _aspa
942 _cBK
590 _aniveau_biblio:m niveau_hierar:0
100 1 _aFiorini, Bartolome A.
999 _c7181
_d7181